| 000 | 00459nam a2200109Ia 4500 | ||
|---|---|---|---|
| 008 | 180412s9999||||xx |||||||||||||| ||und|| | ||
| 020 | _a853658811 | ||
| 040 | _aAhmadu Bello University Library - Zaria | ||
| 100 | _aPybus, Ron | ||
| 245 | 0 |
_aContainer and transportable libraries: experiments in cornwall, derbyshire and bradford _cby Ron Pybus, Paul Turner, W. Davies |
|
| 260 |
_aSudbury _bBranch and Mobile Libraries Group of the Library Association _c1978 |
||
| 300 | _a21p. (4)p. of plates | ||
| 999 |
_c13486 _d13486 |
||